Actas de la I Reunión anual de matemáticos españoles. (Record no. 126522)

MARC details
000 -LEADER
campo de control de longitud fija 00634nam a2200181 4500
001 - NÚMERO DE CONTROL
campo de control 126522
003 - IDENTIFICADOR DE NÚMERO DE CONTROL
campo de control ES-MaACL
005 - FECHA Y HORA DE LA ÚLTIMA TRANSACCIÓN
campo de control 20250903023814.0
007 - CAMPO FIJO DE DESCRIPCIÓN FÍSICA--INFORMACIÓN GENERAL
campo de control de longitud fija t|
008 - DATOS DE LONGITUD FIJA--INFORMACIÓN GENERAL
campo de control de longitud fija 070214s1961 sp r ||||1| spa d
111 2# - ENTRADA PRINCIPAL--NOMBRE DE CONGRESO/REUNIÓN
Nombre de congreso/reunión o jurisdicción como elemento de entrada Reunión Anual de Matemáticos Españoles
Número del congreso/reunión o número de parte o sección (1ª.
Fecha del congreso o de la firma del tratado 1961.
Sede del congreso/Lugar de la reunión Madrid)
9 (RLIN) 219277
245 10 - MENCIÓN DEL TÍTULO
Título Actas de la I Reunión anual de matemáticos españoles.
260 ## - PUBLICACIÓN, DISTRIBUCIÓN, ETC.
Lugar de publicación, distribución, etc. Madrid :
Nombre del editor, distribuidor, etc. Universidad, Facultad de Ciencias, Sección matemáticas,
Fecha de publicación, distribución, etc. 1961.
300 ## - DESCRIPCIÓN FÍSICA
Extensión 203 p. :
Otras características físicas il. ;
Dimensiones 24 cm.
710 2# - ENTRADA AGREGADA--NOMBRE DE ENTIDAD CORPORATIVA
Nombre de entidad corporativa o nombre de jurisdicción como elemento de entrada Facultad de Ciencias.
Unidad subordinada Sección matemáticas.
9 (RLIN) 4066
852 ## - LOCALIZACIÓN
Ubicación ES-MaACL
Número de control de estantería C-20748
Sublocalización o colección R.48727
Holdings
Estatus retirado Estado de pérdida Estado de daño No para préstamo Biblioteca de origen Biblioteca actual Ubicación en estantería Fecha de adquisición Fuente de adquisición Total de préstamos Signatura topográfica completa Código de barras Visto por última vez Precio de reemplazo Tipo de ítem Koha
        Biblioteca del Ateneo de Madrid Biblioteca del Ateneo de Madrid Galería 17/01/2008     C-20748 1131780 23/02/2023 23/02/2023 Libro impreso